Normal view
MARC view
- الساير، محمد عويد محمد
Entry Personal Name
001 - CONTROL NUMBER
- control field: 62911
003 - CONTROL NUMBER IDENTIFIER
- control field: JO-AjAnu
005 - DATE AND TIME OF LATEST TRANSACTION
- control field: 20230606084255.0
008 - FIXED-LENGTH DATA ELEMENTS
- fixed length control field: 230606|| aca||aabn | a|a d
040 ## - CATALOGING SOURCE
- Original cataloging agency: JO-AjAnu
- Transcribing agency: JO-AjAnu
100 ## - HEADING--PERSONAL NAME
- Personal name: الساير، محمد عويد محمد
670 ## - SOURCE DATA FOUND
- Source citation: Work cat.: (JO-AjAnu)32078: الساير، محمد عويد محمد, author, الماء يبكي واقفا: دراسات نقدية في المنجز الشعري للشاعر العراقي المعاصر شلال عنوز